[Event "Hamburg-ch Seniors 50+"]
[Site "Hamburg"]
[Date "2018.10.28"]
[Round "7"]
[White "Besenthal, Klaus Guenther"]
[Black "Bodach, Hans"]
[Result "1/2-1/2"]
[WhiteElo "2031"]
[BlackElo "2159"]
[PlyCount "26"]
[EventDate "2018.10.23"]
[EventType "swiss"]
[EventRounds "7"]
[EventCountry "GER"]
[SourceTitle "CBM 190 Extra"]
[Source "ChessBase"]
[SourceDate "2019.07.15"]
[SourceVersion "1"]
[SourceVersionDate "2019.07.15"]
[SourceQuality "1"]

1. d4 d5 2. Bf4 Nf6 3. e3 e6 4. Nd2 c5 5. c3 Nc6 6. Bd3 Bd6 7. Bxd6 Qxd6 8. f4 b6 9. Nh3 a5 10. Qe2 0-0 11. 0-0 Nb8 12. Rf2 Ba6 13. e4 Bxd3 1/2-1/2

[Event "Hamburg-ch Seniors 50+"]
[Site "Hamburg"]
[Date "2018.10.27"]
[Round "6"]
[White "Schroeder, Christoph"]
[Black "Besenthal, Klaus Guenther"]
[Result "1/2-1/2"]
[WhiteElo "2178"]
[BlackElo "2031"]
[PlyCount "55"]
[EventDate "2018.10.23"]
[EventType "swiss"]
[EventRounds "7"]
[EventCountry "GER"]
[SourceTitle "CBM 190 Extra"]
[Source "ChessBase"]
[SourceDate "2019.07.15"]
[SourceVersion "1"]
[SourceVersionDate "2019.07.15"]
[SourceQuality "1"]

1. d4 Nc6 2. d5 Ne5 3. e4 e6 4. f4 Ng6 5. dxe6 dxe6 6. Qxd8+ Kxd8 7. Nf3 Nf6 8. Bd3 Bc5 9. Nc3 Bd7 10. e5 Ng4 11. Ne4 Bb6 12. Ke2 f5 13. exf6 Nxf6 14. Neg5 Ke7 15. Nxh7 Nxf4+ 16. Bxf4 Nxh7 17. Ne5 Be8 18. Ng6+ Bxg6 19. Bxg6 Nf6 20. Bg5 Rad8 21. h4 Rd5 22. Rad1 Re5+ 23. Kd2 Rd8+ 24. Kc1 Be3+ 25. Bxe3 Rxd1+ 26. Kxd1 Rxe3 27. Re1 Rg3 28. Bf5 1/2-1/2

[Event "Hamburg-ch Seniors 50+"]
[Site "Hamburg"]
[Date "2018.10.23"]
[Round "1"]
[White "Molsner, Heinz"]
[Black "Besenthal, Klaus Guenther"]
[Result "0-1"]
[WhiteElo "1744"]
[BlackElo "2031"]
[PlyCount "92"]
[EventDate "2018.10.23"]
[EventType "swiss"]
[EventRounds "7"]
[EventCountry "GER"]
[SourceTitle "CBM 190 Extra"]
[Source "ChessBase"]
[SourceDate "2019.07.15"]
[SourceVersion "1"]
[SourceVersionDate "2019.07.15"]
[SourceQuality "1"]

1. e4 Nc6 2. Nf3 d6 3. c3 Nf6 4. d4 g6 5. Be2 Bg7 6. Be3 0-0 7. Nbd2 e5 8. 0-0 h6 9. d5 Ne7 10. Ne1 c6 11. c4 g5 12. f3 Ng6 13. Nd3 c5 14. Nb1 Bd7 15. Nc3 Qe7 16. b3 Nh7 17. Qd2 f5 18. a3 f4 19. Bf2 Nf6 20. Rfb1 g4 21. fxg4 Nxg4 22. Bf3 Bf6 23. b4 b6 24. bxc5 dxc5 25. Nb5 Bxb5 26. Rxb5 Nxf2 27. Nxf2 Rad8 28. Ng4 Bg5 29. Rf1 Rd6 30. Qb2 Qg7 31. a4 Bd8 32. h3 Re8 33. a5 Nh4 34. axb6 axb6 35. Nh2 Rg6 36. Rf2 Nxf3+ 37. Nxf3 Kh7 38. Kh1 Rg3 39. Rb3 Rg8 40. Nh2 Rxb3 41. Qxb3 Qg3 42. Qb2 Bh4 43. Ng4 Rxg4 44. hxg4 Qxf2 45. Qxe5 Qe1+ 46. Kh2 Bg3+ 0-1

[Event "Kiel op 31st"]
[Site "Kiel"]
[Date "2018.08.02"]
[Round "8"]
[White "Haag, Martin"]
[Black "Besenthal, Klaus Guenther"]
[Result "1/2-1/2"]
[WhiteElo "2229"]
[BlackElo "2053"]
[PlyCount "85"]
[EventDate "2018.07.28"]
[EventType "swiss"]
[EventRounds "9"]
[EventCountry "GER"]
[SourceTitle "CBM 185 Extra"]
[Source "ChessBase"]
[SourceDate "2018.07.29"]
[SourceVersion "1"]
[SourceVersionDate "2018.07.29"]
[SourceQuality "1"]

1. c4 Nc6 2. g3 e5 3. Nc3 f5 4. Nf3 Nf6 5. d4 e4 6. Nh4 g6 7. Bg5 Be7 8. Ng2 d6 9. e3 Ng4 10. Bxe7 Qxe7 11. Nf4 Nf6 12. Be2 Qf7 13. h4 Bd7 14. Qd2 Ne7 15. d5 a6 16. Qd4 0-0 17. Kf1 Rab8 18. Kg2 b5 19. a3 Rfd8 20. c5 dxc5 21. Qxc5 c6 22. dxc6 Nxc6 23. Rhd1 Na5 24. Rab1 Rdc8 25. Qd6 Nc6 26. Rd2 Qe7 27. Rbd1 Rb7 28. Qxe7 Nxe7 29. Rd6 Rc6 30. Rxc6 Nxc6 31. Rd6 Kf7 32. b4 Ke7 33. Rd2 Be6 34. Ncd5+ Nxd5 35. Nxd5+ Kf7 36. Nf4 Rd7 37. Rc2 Ne5 38. Rc5 Kf6 39. a4 bxa4 40. Ra5 Rd6 41. Bxa6 Bb3 42. Bb5 Rd2 43. Ra6+ 1/2-1/2

[Event "Kiel op 30th"]
[Site "Kiel"]
[Date "2017.08.04"]
[Round "9.9"]
[White "Junge, Ralf"]
[Black "Besenthal, Klaus Guenther"]
[Result "1-0"]
[WhiteElo "2286"]
[BlackElo "2076"]
[PlyCount "83"]
[EventDate "2017.07.29"]
[EventType "swiss"]
[EventRounds "9"]
[EventCountry "GER"]
[SourceTitle "EXT 2018"]
[Source "ChessBase"]
[SourceDate "2017.10.13"]
[SourceVersion "1"]
[SourceVersionDate "2017.10.13"]
[SourceQuality "1"]

1. d4 Nc6 2. Nf3 d6 3. e4 Nf6 4. d5 Nb8 5. Nc3 g6 6. h3 Bg7 7. Bg5 0-0 8. Bc4 a6 9. a4 a5 10. 0-0 Na6 11. Qd2 Nc5 12. Rfe1 e5 13. dxe6 Bxe6 14. Bf1 Qc8 15. Qe3 Re8 16. Qf4 Nfd7 17. Qd2 Nb6 18. b3 Bxb3 19. cxb3 Nxb3 20. Qc2 Nxa1 21. Rxa1 Nd7 22. Rd1 Nc5 23. Nd5 Qd7 24. Bb5 c6 25. Nb6 Qe6 26. Nxa8 Rxa8 27. Bd3 Re8 28. Rb1 h6 29. Bd2 Nxd3 30. Qxd3 Qxe4 31. Qb3 Be5 32. Re1 Qd5 33. Qxd5 cxd5 34. Bxh6 f6 35. Bd2 Rc8 36. Rc1 Rxc1+ 37. Bxc1 Bc3 38. Kf1 Kf7 39. Ke2 Ke6 40. Kd3 Bb4 41. Nd4+ Kd7 42. Bd2 1-0

[Event "Kiel op 30th"]
[Site "Kiel"]
[Date "2017.08.02"]
[Round "7"]
[White "Besenthal, Klaus Guenther"]
[Black "Wichmann, Cliff"]
[Result "1/2-1/2"]
[WhiteElo "2076"]
[BlackElo "2297"]
[PlyCount "60"]
[EventDate "2017.07.29"]
[EventType "swiss"]
[EventRounds "9"]
[EventCountry "GER"]
[SourceTitle "EXT 2018"]
[Source "ChessBase"]
[SourceDate "2017.10.13"]
[SourceVersion "1"]
[SourceVersionDate "2017.10.13"]
[SourceQuality "1"]

1. d4 d5 2. Bf4 Nf6 3. e3 c5 4. c3 Nc6 5. Nd2 a6 6. Bd3 Bg4 7. Be2 Bxe2 8. Qxe2 Qb6 9. Rb1 e6 10. h3 Qb5 11. Ngf3 Be7 12. dxc5 Qxe2+ 13. Kxe2 Bxc5 14. Nb3 Be7 15. Rhd1 0-0 16. Nbd4 Rfc8 17. Nxc6 Rxc6 18. Ne5 Rcc8 19. g4 b5 20. f3 Ra7 21. Nd3 Nd7 22. e4 Nf6 23. e5 Nd7 24. Be3 Rac7 25. Bd4 Bc5 26. Bxc5 Nxc5 27. Nxc5 Rxc5 28. Rd4 f6 29. f4 Rf8 30. Re1 f5 1/2-1/2

[Event "Kiel op 30th"]
[Site "Kiel"]
[Date "2017.07.30"]
[Round "3"]
[White "Besenthal, Klaus Guenther"]
[Black "Ghadimi, Mohammed Reza"]
[Result "1/2-1/2"]
[WhiteElo "2076"]
[BlackElo "2126"]
[PlyCount "62"]
[EventDate "2017.07.29"]
[EventType "swiss"]
[EventRounds "9"]
[EventCountry "GER"]
[SourceTitle "EXT 2018"]
[Source "ChessBase"]
[SourceDate "2017.10.13"]
[SourceVersion "1"]
[SourceVersionDate "2017.10.13"]
[SourceQuality "1"]

1. d4 d5 2. Bf4 Nf6 3. e3 c5 4. c3 Nc6 5. Nd2 e6 6. Bd3 Bd6 7. Bxd6 Qxd6 8. f4 b6 9. a3 a5 10. Ngf3 Ba6 11. Bxa6 Rxa6 12. Qe2 Ra8 13. 0-0 0-0 14. Ne5 Nd7 15. Ndf3 f6 16. Nxc6 Qxc6 17. Rfe1 Qd6 18. e4 dxe4 19. Qxe4 Rae8 20. Rad1 Re7 21. dxc5 Qxc5+ 22. Qd4 Rfe8 23. b4 Qc6 24. c4 axb4 25. axb4 e5 26. fxe5 Nxe5 27. Nxe5 Rxe5 28. Rxe5 Rxe5 29. Qd8+ Re8 30. Qd5+ Qxd5 31. Rxd5 Re4 1/2-1/2

[Event "Hamburg HSK Christmas op 1st"]
[Site "Hamburg"]
[Date "2015.12.29"]
[Round "6"]
[White "Besenthal, Klaus Guenther"]
[Black "Kuberczyk, Christoph"]
[Result "0-1"]
[WhiteElo "2088"]
[BlackElo "2160"]
[PlyCount "44"]
[EventDate "2015.12.27"]
[EventType "swiss"]
[EventRounds "7"]
[EventCountry "GER"]
[SourceTitle "EXT 2022"]
[Source "ChessBase"]
[SourceDate "2021.10.06"]
[SourceVersion "1"]
[SourceVersionDate "2021.10.06"]
[SourceQuality "1"]

1. e4 c5 2. Nf3 d6 3. Bb5+ Nd7 4. d4 cxd4 5. Qxd4 a6 6. Bxd7+ Bxd7 7. Nc3 e5 8. Qd3 h6 9. a4 Nf6 10. a5 Rc8 11. Be3 Be6 12. Bb6 Qd7 13. 0-0-0 Be7 14. h3 0-0 15. g4 Rxc3 16. bxc3 Qa4 17. Rhe1 Rc8 18. Kd2 Rc4 19. Nd4 exd4 20. Bxd4 d5 21. exd5 Nxd5 22. Re4 Nxc3 0-1

[Event "Hamburg HSK Christmas op 1st"]
[Site "Hamburg"]
[Date "2015.12.27"]
[Round "2"]
[White "Besenthal, Klaus Guenther"]
[Black "Mueller Glewe, Martin"]
[Result "1/2-1/2"]
[WhiteElo "2088"]
[BlackElo "1810"]
[PlyCount "109"]
[EventDate "2015.12.27"]
[EventType "swiss"]
[EventRounds "7"]
[EventCountry "GER"]
[SourceTitle "EXT 2022"]
[Source "ChessBase"]
[SourceDate "2021.10.06"]
[SourceVersion "1"]
[SourceVersionDate "2021.10.06"]
[SourceQuality "1"]

1. e4 d5 2. exd5 Nf6 3. d4 Bg4 4. Nf3 Qxd5 5. Be2 Nc6 6. 0-0 e6 7. Be3 Be7 8. Nbd2 0-0 9. c4 Qd6 10. h3 Bh5 11. a3 a5 12. Qc1 a4 13. Re1 Rfd8 14. Qc3 Bxf3 15. Nxf3 Ne4 16. Qc2 Nf6 17. Rad1 Bf8 18. Bf1 Ne7 19. Bg5 c6 20. Bd3 Ng6 21. Bxg6 hxg6 22. Bh4 Qc7 23. c5 Be7 24. Bg3 Qc8 25. Ne5 Nd5 26. Nc4 Ra6 27. Nd6 Bxd6 28. Bxd6 b6 29. Re4 b5 30. h4 Nf6 31. Re3 Ra7 32. Qe2 Rad7 33. Rdd3 Nd5 34. Re4 Nf6 35. Ree3 Nd5 36. Rf3 Nf6 37. Be5 Ng4 38. Bd6 Nf6 39. Rg3 Ne8 40. Be5 Nf6 41. Qf3 Rd5 42. Bxf6 gxf6 43. h5 Rf5 44. Qe4 g5 45. f4 Qc7 46. fxg5 Rxg5 47. Rxg5+ fxg5 48. Rf3 Qe7 49. Qxc6 Rxd4 50. Qxb5 Rd1+ 51. Rf1 Rxf1+ 52. Kxf1 Qf6+ 53. Ke2 Qe5+ 54. Kf2 Qd4+ 55. Ke2 1/2-1/2

[Event "Hamburg HSK Christmas op 1st"]
[Site "Hamburg"]
[Date "2015.12.27"]
[Round "1"]
[White "Lohkamp, Rolf"]
[Black "Besenthal, Klaus Guenther"]
[Result "0-1"]
[WhiteElo "1620"]
[BlackElo "2088"]
[PlyCount "74"]
[EventDate "2015.12.27"]
[EventType "swiss"]
[EventRounds "7"]
[EventCountry "GER"]
[SourceTitle "EXT 2022"]
[Source "ChessBase"]
[SourceDate "2021.10.06"]
[SourceVersion "1"]
[SourceVersionDate "2021.10.06"]
[SourceQuality "1"]

1. Nf3 f5 2. g3 Nf6 3. Bg2 e6 4. d3 Be7 5. Nc3 0-0 6. e4 d6 7. e5 dxe5 8. Nxe5 Nbd7 9. Bf4 Nxe5 10. Bxe5 Ng4 11. Qe2 Nxe5 12. Qxe5 c6 13. Qf4 Bf6 14. d4 Qxd4 15. Qxd4 Bxd4 16. 0-0 e5 17. Rad1 Be6 18. Na4 Rad8 19. Bh3 g6 20. c3 Bb6 21. b3 Kf7 22. c4 Bd4 23. Kh1 b5 24. Bg2 bxa4 25. Bxc6 axb3 26. axb3 Rb8 27. Rd3 Rfd8 28. f3 Bc5 29. Rxd8 Rxd8 30. Rb1 Rb8 31. Bb5 h5 32. h4 f4 33. Kg2 Rd8 34. b4 Rd2+ 35. Kf1 Bd4 36. c5 fxg3 37. Be2 g2+ 0-1

[Event "Lueneburg op-A"]
[Site "Lueneburg"]
[Date "2015.08.23"]
[Round "9"]
[White "Besenthal, Klaus Guenther"]
[Black "Brinkmann, Fabian"]
[Result "0-1"]
[WhiteElo "2104"]
[BlackElo "1956"]
[PlyCount "74"]
[EventDate "2015.08.15"]
[EventType "swiss"]
[EventRounds "9"]
[EventCountry "GER"]
[SourceTitle "EXT 2016"]
[Source "ChessBase"]
[SourceDate "2015.10.08"]
[SourceVersion "1"]
[SourceVersionDate "2015.10.08"]
[SourceQuality "1"]

1. e3 d5 2. f4 d4 3. Nf3 dxe3 4. d4 Nf6 5. Bxe3 Bf5 6. Nc3 e6 7. Bd3 Bxd3 8. Qxd3 c6 9. f5 exf5 10. Qxf5 Be7 11. 0-0-0 g6 12. Qd3 Na6 13. Rhf1 0-0 14. Ne5 Nb4 15. Qe2 Nfd5 16. Nxd5 Nxd5 17. Bd2 Bg5 18. Kb1 Bxd2 19. Qxd2 f6 20. Nd3 Qd6 21. h4 Rae8 22. Rf3 Re4 23. h5 g5 24. Nc5 Re7 25. Re1 Rfe8 26. Rxe7 Qxe7 27. Nd3 Qe2 28. Qxe2 Rxe2 29. c4 Ne3 30. b3 Kf7 31. g3 g4 32. Rf4 f5 33. b4 Kf6 34. d5 cxd5 35. c5 Nd1 36. a3 Rg2 37. a4 Nc3+ 0-1

[Event "Lueneburg op-A"]
[Site "Lueneburg"]
[Date "2015.08.17"]
[Round "3"]
[White "Besenthal, Klaus Guenther"]
[Black "Weidmann, Kevin"]
[Result "1/2-1/2"]
[WhiteElo "2104"]
[BlackElo "1850"]
[PlyCount "124"]
[EventDate "2015.08.15"]
[EventType "swiss"]
[EventRounds "9"]
[EventCountry "GER"]
[SourceTitle "EXT 2016"]
[Source "ChessBase"]
[SourceDate "2015.10.08"]
[SourceVersion "1"]
[SourceVersionDate "2015.10.08"]
[SourceQuality "1"]

1. e4 c5 2. Nf3 Nc6 3. Bb5 g6 4. Bxc6 bxc6 5. 0-0 Bg7 6. c3 d6 7. h3 Nf6 8. Re1 e5 9. d4 cxd4 10. cxd4 Nd7 11. Nc3 0-0 12. dxe5 Nxe5 13. Nxe5 dxe5 14. Be3 Be6 15. Qa4 Qc7 16. Rac1 Qb7 17. Qc2 Rfd8 18. b3 Bf8 19. Na4 Rac8 20. Bc5 Qb5 21. Bxf8 Kxf8 22. Nc5 Ke7 23. Qc3 Rd4 24. f4 f6 25. fxe5 fxe5 26. Qg3 Qb8 27. Qg5+ Kd6 28. Qf6 Re8 29. Nxe6 Rxe6 30. Rxc6+ Kxc6 31. Qxe6+ Qd6 32. Qc8+ Kb6 33. Qc3 Rd3 34. Qc4 Rd2 35. Rf1 Rxa2 36. b4 Qd4+ 37. Qxd4+ exd4 38. Rd1 Kb5 39. Rxd4 Ra4 40. e5 Ra6 41. Kf2 Re6 42. Rd5+ Kc4 43. Ra5 a6 44. Ke3 Kxb4 45. Rd5 a5 46. Kd4 a4 47. Rd7 Ra6 48. Rxh7 a3 49. Rb7+ Ka5 50. Rb1 a2 51. Ra1 Kb6 52. Kd5 Kc7 53. h4 Kd7 54. g4 Ra5+ 55. Ke4 Ke6 56. Kf4 Kf7 57. h5 gxh5 58. gxh5 Ke6 59. h6 Rxe5 60. Rxa2 Rh5 61. Ra6+ Kf7 62. Kg4 Rh1 1/2-1/2

[Event "Hamburg St Pauli op-A"]
[Site "Hamburg"]
[Date "2015.07.18"]
[Round "1"]
[White "Reinkoester, Michael"]
[Black "Besenthal, Klaus Guenther"]
[Result "1/2-1/2"]
[WhiteElo "1868"]
[BlackElo "2137"]
[PlyCount "43"]
[EventDate "2015.07.18"]
[EventType "swiss"]
[EventRounds "9"]
[EventCountry "GER"]
[SourceTitle "EXT 2016"]
[Source "ChessBase"]
[SourceDate "2015.10.08"]
[SourceVersion "1"]
[SourceVersionDate "2015.10.08"]
[SourceQuality "1"]

1. d4 e6 2. Nf3 f5 3. Nc3 Nf6 4. d5 Bb4 5. dxe6 dxe6 6. Qxd8+ Kxd8 7. Bd2 Na6 8. 0-0-0 Ke7 9. a3 Bd6 10. h3 Bd7 11. Nd4 e5 12. Ndb5 Bc5 13. f4 Bxb5 14. Nxb5 Ne4 15. Be1 Be3+ 16. Kb1 Bxf4 17. g4 c6 18. Nc3 Nxc3+ 19. Bxc3 fxg4 20. hxg4 h6 21. e3 Bg5 22. Bxe5 1/2-1/2

[Event "Hamburg-chT Landesliga 1011"]
[Site "Hamburg"]
[Date "2011.04.17"]
[Round "9.4"]
[White "Besenthal, Klaus Guenther"]
[Black "Dettmann, Steffen"]
[Result "1/2-1/2"]
[WhiteElo "2176"]
[BlackElo "2157"]
[PlyCount "89"]
[EventDate "2010.10.10"]
[EventType "team-tourn"]
[EventRounds "9"]
[EventCountry "GER"]
[SourceTitle "EXT 2022"]
[Source "ChessBase"]
[SourceDate "2021.10.06"]
[SourceVersion "1"]
[SourceVersionDate "2021.10.06"]
[SourceQuality "1"]
[WhiteTeam "Hamburger SK IV"]
[BlackTeam "Hamburg Koenigsspringer II"]
[WhiteTeamCountry "GER"]
[BlackTeamCountry "GER"]

1. e4 e5 2. Nf3 Nf6 3. Nc3 Nc6 4. Bb5 Nd4 5. Nxd4 exd4 6. e5 dxc3 7. exf6 Qxf6 8. dxc3 Qe5+ 9. Be2 Bc5 10. 0-0 0-0 11. Bf3 d6 12. Re1 Qf6 13. Be3 Bxe3 14. Rxe3 Be6 15. Qd3 Rab8 16. Rae1 d5 17. h3 c6 18. Bg4 Bxg4 19. hxg4 b5 20. Qd4 Qxd4 21. cxd4 a5 22. Re7 Rbd8 23. Rc7 Rd6 24. Ree7 h6 25. f3 Rf6 26. Kf2 a4 27. a3 Kh7 28. Ke3 g5 29. Kd3 Kg7 30. Kc3 Rh8 31. Re5 Kg6 32. Rf5 Rxf5 33. gxf5+ Kxf5 34. Rxf7+ Ke6 35. Rc7 Kd6 36. Rg7 Re8 37. Rg6+ Kc7 38. Rxh6 Re2 39. g4 Re3+ 40. Kb4 Re2 41. Kc3 Re3+ 42. Kd2 Rxf3 43. Rg6 Rg3 44. Rxg5 Rg2+ 45. Kc3 1/2-1/2